|
|
|
|
| LEADER |
01219nam a2200289 a 4500 |
| 001 |
12861708 |
| 008 |
100222r20062003caua b 001 0 eng d |
| 010 |
|
|
|a 2002110398
|
| 020 |
|
|
|a 1558608559 (pbk.)
|
| 020 |
|
|
|a 97813120176
|
| 020 |
|
|
|a 8131201767
|
| 040 |
|
|
|a DLC
|c DLC
|d DLC
|d BD-DhAAL
|
| 082 |
0 |
0 |
|a 005.75/65
|2 22
|
| 100 |
1 |
|
|a Date, C. J.
|
| 245 |
1 |
0 |
|a Temporal data and the relational model :
|b a detailed investigation into the application of interval and relation theory to the problem of temporal database management /
|c C.J. Date, Hugh Darwen, Nikos A. Lorentzos.
|
| 250 |
|
|
|a 1st ed.
|
| 260 |
|
|
|a San Diego, CA :
|b Morgan Kaufmann Publishers, ;
|a New Delhi :
|b Reed Elsevier India
|c c2003.[Reprinted 2006]
|
| 300 |
|
|
|a xxii, 422 p. :
|b ill. ;
|c 24 cm.
|
| 504 |
|
|
|a Includes bibliographical references (p.391-407) and index.
|
| 541 |
1 |
|
|e 00019808
|
| 650 |
|
0 |
|a Database management.
|
| 650 |
|
0 |
|a Relational databases.
|
| 700 |
1 |
|
|a Darwen, Hugh.
|
| 700 |
1 |
|
|a Lorentzos, Nikos A.
|
| 852 |
4 |
|
|a Ayesha Abed Library
|j General shelf
|
| 999 |
|
|
|c 7665
|d 7665
|
| 952 |
|
|
|0 0
|1 0
|2 ddc
|4 0
|6 005_756500000000000_DAT_2006
|7 0
|9 8390
|a BRACUL
|b BRACUL
|c GEN
|d 2010-02-22
|l 0
|o 005.7565 DAT
|p 3010019808
|r 2010-02-22
|t 1
|w 2010-02-22
|y BK
|